Les villes dans les chansons - Statistiques

Statistiques générales
  • Ce quiz a été pris 115 fois
  • Le résultat moyen est 14 sur 30
Statistiques - réponses
Hint Réponse % Correct
Quelle ville est reliée à Manhattan dans une chanson de Renaud et Axelle Red ? Kaboul
92%
Finis les paroles de cette chanson de Téléphone sur New York : "Un jour j'irai à New-York..." Avec toi
87%
Qui a chanté la chanson "Bruxelles je t'aime" où "après l'orage avec des bières, les gens feront la fête" selon les paroles ? Angèle
84%
Selon les paroles d'une chanson de Claude François, le phare de quelle ville fait naufrager les papillons de sa jeunesse ? Alexandrie
81%
De quelle ville française, le collectif 13'Organisé, rend-il hommage dans la plupart de leurs chansons, réunissant des rappeurs originaires de celle-ci ? Marseille
66%
Selon une chanson d'Eddy Mitchell, sur la route de quelle ville, il "écoutais le disc-jockey", selon les paroles ? Memphis
64%
Quelle capitale européenne est le titre d'une chanson de Jacques Brel de 1964 ? Amsterdam
61%
Quel groupe a gagné le Concours Eurovision de la chanson de 1974 avec "Waterloo" ? ABBA
60%
Selon une chanson d'Etienne Daho, dans quelle ville veut-il passer un week-end "tous les deux sans personne" ? Rome
58%
Quelle ville canadienne a été chanté par Véronique Sanson en 1976 ? Vancouver
58%
A quelle ville française, Claude Nougaro rend-il hommage dans une chanson de 1967 ? Toulouse
55%
Quelle est la capitale du Jamaïque qui donne son nom à une chanson du groupe UB40 en 1989 ? Kingston
53%
Selon une chanson de Sting de 1988, dans quelle ville il dit "I'm an alien. I'm a legal alien" ? New York
53%
De quelle commune du nord de la France, Kamini raconte-t-il son enfance en dédiant la chanson à "ces p'tits patelins paumés pour qui personne n'a jamais rappé" ? Marly-Gomont
51%
Depuis quelle ville française, la Compagnie Créole nous souhaite un "Noël, joyeux Noël" en nous envoyant des "bons baisers" dans une chanson de 1984 ? Fort-de-France
50%
Dans quelle ville française, les Chats Sauvages font-ils du twist en 1961 ? Saint-Tropez
41%
Qui avec Jay-Z, a interprété la chanson "Empire State of Mind" en 2009 faisant référence à divers endroits de New York et à ses résidents célèbres ? Alicia Keys
36%
Dans quelle ville africaine, Matthieu Chedid entre autre, chante un bal dansant en 2017 ? Bamako
36%
Pour quelle capitale asiatique, Murray Head a-t-il fait une chanson en 1984 où il décrit la ville et sa vie nocturne dans le contexte d'un match d'échecs ? Bangkok
32%
Quelle ville corse est le titre d'une chanson de Julien Doré en 2016 ? Porto-Vecchio
32%
Quelle ville est le titre d'une chanson de Barbara de 1965, hymne à la paix, à l'Allemagne, et à l'amitié franco-allemande ? Göttingen
30%
Quel groupe punk britannique a chanté "London Calling" en 1979, chanson très engagée politiquement ? The Clash
30%
Qui a chanté "Viva Las Vegas" en 1964 ? Elvis Presley
28%
Dans "Vesoul" de Jacques Brel, avec Vesoul, Paris et Vierzon, quelle quatrième ville française est citée dans la chanson ? Honfleur
28%
Quel rappeur américain, plus connu en tant qu'acteur, a sorti "Miami" en 1998, qui comme le titre l'indique, prend pour thème la ville de Miami en Floride ? Will Smith
26%
Quel chanteur a reçu l'Oscar de la meilleure chanson originale en 1994 pour "Streets of Philadelphia" pour le film Philadelphia, de Jonathan Demme ? Bruce Springsteen
25%
Quelle ville est le titre d'une chanson de Scott McKenzie sortie en 1967 devenue une icône du mouvement hippie ? San Francisco
23%
Quel lieu de Paris est cité en premier dans la chanson de Jacques Dutronc, "Il est cinq heures, Paris s'éveille" ? Place Dauphine
18%
Dans la chanson "Bienvenue chez moi" de Bigflo & Oli, quelle ville française est évoquée en première ? Bordeaux
16%
Quelle chanteuse américaine a interprété "Malibu" en 2017, où elle dit combien il est facile de tomber amoureux de Malibu ? Miley Cyrus
4%
Aucun quiz correspondant
Distribution des résultats
% des personnes avec chaque résultat
Percentile par nombre de réponses
Votre historique - résultats
Vous n’avez pas pris ce quiz